|
|
|
|
| LEADER |
00000nab a2200000 a 4500 |
| 001 |
vtls010722692 |
| 003 |
SK-MaSNL |
| 005 |
20260304192314.0 |
| 008 |
250709s2003 xo |||||||||||||||||slo| |
| 035 |
|
|
|a (urnnbn)urn:nbn:sk:snk:ar-a04t6q
|
| 035 |
|
|
|a (uuid)e739f647-4ac7-4274-b01f-d37168b1ce4a
|
| 035 |
|
|
|a urn:nbn:sk:snk-ab3n8w
|
| 040 |
|
|
|a SNKBUCL
|b slo
|c SNKBUCL
|e AACR2
|
| 041 |
0 |
|
|a slo
|
| 044 |
|
|
|a xo
|c SK
|
| 100 |
1 |
|
|a Trbolová, Alexandra,
|d 1962-
|4 aut
|9 193046
|
| 245 |
1 |
0 |
|a Uveodermatologický syndróm u psa
|c A. Trbolová, V. Ledecký
|
| 700 |
1 |
|
|a Ledecký, Valent,
|d 1950-
|4 aut
|9 204823
|
| 773 |
0 |
|
|t Infovet : veterinársky odborno-informačný časopis
|g Roč. 10, č. 2 (2003), s. 8-9
|
| 850 |
|
|
|a Slovenská národná knižnica
|
| 852 |
|
|
|a Slovenská národná knižnica
|
| 954 |
|
|
|a odborná, vedecká literatúra pôvodná (slovenská)
|2 lita
|
| 958 |
|
|
|a article1
|
| 958 |
|
|
|a OND
|
| 958 |
|
|
|a EUIPO
|
| 999 |
|
|
|c 3060714
|d 3062644
|